| 000 | 00449nam a22001217a 4500 | ||
|---|---|---|---|
| 003 | OSt | ||
| 008 | 150301b xxu||||| |||| 00| 0 eng d | ||
| 100 | 1 | _aBrannon, Peter Alexander | |
| 041 | _aeng | ||
| 245 | 1 | 0 | _aOrganization of the Confederate Postoffice Department at Montgomery, The |
| 246 | 1 | 0 | _aAnd a Story of The Welsh Provisional Stamped Envelope together with the activities of the Montgomery Post Office in the Confederate Period |
| 300 | _a0 pages | ||
| 999 |
_c944 _d944 |
||